LEADER 01065nam a2200265 i 4500 001 000000115567 003 CaOOAMICUS 005 20090825000000.0 008 090825s1983 it u000 u ita u 013 $a88256 020 $a88-209-1469-7 040 $aSeMil$bita 100 1 $aCutolo, Eugenio.$0(OLS)http://semarc/name/15644 245 10$aGiovanni Paolo 2. chiude il Sinodo '83 /$cEugenio Cutolo. 260 $aCittą del Vaticano :$bLibreria Editrice Vaticana,$c1983. 300 $a134 p. :$bill. ;$c24 cm. 500 $aFondo Card. C.M. Martini. 650 4$aSinodo dei Vescovi <6 ; 1983>.$0(OLS)http://semarc/subject/8938 850 $aSeMil 852 $aSeMil$W1$xVenegono$y1$m2A IV 336$j71079$B71079$CSeMilBibl$Z2$F79363 $81 941 1 $a4 961 $aOmaggio: Martini Card. Carlo Maria 996 $6020$a88-209-1469-7$9(OLS)http://semarc/number/99389 996 $6245$aGiovanni Paolo 2. chiude il Sinodo '83$9(OLS)http://semarc/title/169294 996 $6260$aCittą del Vaticano :$bLibreria Editrice Vaticana$9(OLS)http://semarc/publisher/29734 LEADER 01399nam a2200325 i 4500 001 000000120227 003 CaOOAMICUS 005 20031119000000.0 008 031119s1997 it u000 u ita u 013 $a92921 020 $a88-7094-271-6 040 $aSeMil$bita 100 0 $aTommaso : d'Aquino,$c.$0(OLS)http://semarc/name/423 240 10$aDe Trinitate ; De Ebdomadibus.$0(OLS)http://semarc/title/176866 245 10$aCommenti ai Libri di Boezio /$cS. Tommaso d'Aquino ; introduzione e traduzione a cura di Carmelo Pandolfi. 260 $aBologna :$bESD,$ccopyr. 1997. 300 $a312 p. ;$c22 cm. 490 0 $aOpere di San Tommaso ;$v6 500 $aContiene : Bibliografia. 700 1 $aPandolfi, Carmelo.$0(OLS)http://semarc/name/50033 700 1 $aBoethius, Anicius Manlius Torquatus Severinus,$d<480-524>.$0(OLS)http://semarc/name/455 830 0$aOpere di San Tommaso ;$v6.$0(OLS)http://semarc/title/13857 850 $aSeMil 852 $aSeMil$W1$xVenegono$y1$mSL1.V III 20$j75415$B75415$CSeMilBibl$Z2$F77214 $8I 900 1 $aBoezio, Severino. 961 $aAcquisto: ESD Edizioni Studio Domenicano 996 $6020$a88-7094-271-6$9(OLS)http://semarc/number/105391 996 $6245$aCommenti ai Libri di Boezio$9(OLS)http://semarc/title/176865 996 $6260$aBologna :$bESD$9(OLS)http://semarc/publisher/30112